| 000 | 00361nam a22001457a 4500 | ||
|---|---|---|---|
| 003 | macl | ||
| 005 | 20181201154912.0 | ||
| 008 | 181201b xxu||||| |||| 00| 0 eng d | ||
| 040 | _cmacl | ||
| 100 |
_aReddy, K Krishna _936283 |
||
| 245 | _aIndian History ll edition | ||
| 260 |
_aChenni _bMcGrawHill _c2018 |
||
| 650 |
_aIndian History _9227 |
||
| 942 |
_2ddc _cBK |
||
| 999 |
_c58633 _d58633 |
||